[Event "II Duchamp Open 2018"]
[Site "Rio de Janeiro"]
[Date "2018.11.16"]
[Round "3"]
[White "Larrea, Manuel"]
[Black "Torella, Rodolfo"]
[Result "1-0"]
[WhiteElo "2271"]
[BlackElo "2036"]
[Annotator "TA"]
[PlyCount "119"]
[EventDate "2018.11.14"]
[EventType "swiss"]
[EventCountry "BRA"]
[SourceTitle "playchess.com"]
[Source "ChessBase"]
[SourceQuality "1"]

{[%evp 11,119,39,58,0,2,-8,-13,-67,-37,-31,-30,-33,-10,-35,4,-62,-1,-15,20,7,39,0,103,106,202,58,67,73,70,56,64,71,115,83,77,100,133,96,129,49,134,83,131,134,141,49,38,41,156,144,131,134,162,68,70,72,66,43,71,62,61,70,70,57,89,73,95,95,100,94,219,214,171,167,155,98,83,79,134,129,185,128,160,135,431,415,406,361,519,473,454,427,515,451,597,522,495,466,29964,6406,29981,29982,29986,29979,29986,29981,29982,29983,29983,29984]} 1. e4 c5 2. Nf3 Nc6 3. d4 cxd4 4. Nxd4 Nf6 5. Nc3 e5 6. Ndb5 Bb4 7. Nd6+ {B33: Sicilian: Pelikan and Sveshnikov Variations} (7. a3 $14 Bxc3+ 8. Nxc3) (7. a3 Bxc3+ 8. Nxc3 d6 9. Bd3 O-O 10. O-O h6 11. b4 Be6 12. Kh1 Rc8 13. Bd2 d5 14. exd5 Nxd5 15. Nxd5 Qxd5 {1-0 (56) Medina,W (2375)-Nguyen,T (2265) Ashkhabad 2017}) 7... Ke7 $11 8. Nf5+ Kf8 9. Ng3 (9. Bd3 $11) 9... d5 10. exd5 Nxd5 11. Bd2 Nxc3 12. bxc3 Be7 13. Bd3 {[#]} (13. Bc4 $11) 13... Bg5 (13... h5 $1 $15 {[%mdl 512]}) 14. O-O Bxd2 $146 ({Predecessor:} 14... g6) 15. Qxd2 f5 16. Rfe1 a6 (16... e4 $11) 17. Rad1 $36 {[%mdl 2048] Black is under strong pressure.} Qf6 (17... f4 $16 {was called for.}) 18. Bc4 (18. f4 $1 $18) 18... g6 $1 $14 19. Qh6+ $1 Qg7 20. Qc1 {And now Rd6 would win.} Qe7 21. Bd5 Bd7 22. Qh6+ Qg7 23. Qe3 h5 24. Qb6 Be8 25. h4 (25. f4 $16) 25... Qe7 (25... Rc8 $14) 26. Nf1 (26. Ne2 $142) 26... Rc8 27. Nh2 {[%cal Bf1h2,Bh2f3,Bf3g5][%mdl 32]} Bf7 28. Bxf7 ({White should try} 28. Nf3 $16) 28... Kxf7 29. Nf3 e4 {[#]} ({Black should play} 29... Rhd8 $14) 30. Ng5+ $1 $16 Kg7 31. f3 Rhd8 {[#] Threatening ...Rxd1.} 32. Rxd8 ({Resist} 32. fxe4 $6 Rxd1 33. Rxd1 fxe4 $14) (32. Rb1 $1 $18) 32... Rxd8 $14 33. fxe4 fxe4 34. Qe3 Re8 35. Rf1 Rf8 36. Rxf8 Kxf8 37. Qxe4 Qxe4 38. Nxe4 {[%mdl 4096] Endgame KN-KN} Ke7 39. Kf2 b6 40. Ke3 Ke6 (40... Ne5 $16 {might work better.}) 41. Kf4 $18 a5 42. Nd2 Ne5 43. Ke4 (43. c4 $142) 43... Kd6 $16 44. Nb3 a4 (44... Nf7 $142) 45. Nd2 Ng4 (45... Ke6 $16 46. Kd4 Nd7) 46. Kd4 (46. Kf4 $18) 46... Kc6 47. Nc4 {Hoping for Ne5+.} Nf6 $2 {[%mdl 8192]} (47... b5 $16 48. Ne5+ Nxe5 49. Kxe5 Kc5) 48. Ne5+ $18 Kd6 49. Nxg6 Kc6 (49... Ke6 $142 50. c4 a3) 50. Ne5+ Kd6 51. c4 Ne8 52. Nd3 Ng7 53. Nf4 Nf5+ 54. Ke4 Nxh4 (54... Ng3+ $18 55. Kf3 Nf5) 55. g3 {[%mdl 64] Trapped Piece} Kc5 56. gxh4 {White mates.} Kxc4 57. a3 Kc3 58. Nd5+ Kxc2 59. Nxb6 Kb3 60. Kf5 {Accuracy: White = 59%, Black = 22%.} 1-0

[Event "II Duchamp Open 2018"]
[Site "Rio de Janeiro"]
[Date "2018.11.16"]
[Round "3"]
[White "Barreto, Ignacio C. De Barro"]
[Black "Urquiza, Marcello de Albuque"]
[Result "1/2-1/2"]
[WhiteElo "2222"]
[BlackElo "2018"]
[Annotator "TA"]
[PlyCount "96"]
[EventDate "2018.11.14"]
[EventType "swiss"]
[EventCountry "BRA"]
[SourceTitle "playchess.com"]
[Source "ChessBase"]
[SourceQuality "1"]

{[%evp 26,96,0,-13,35,19,27,20,31,23,15,11,62,7,7,9,18,0,43,6,45,35,26,13,21,6,10,8,8,8,22,15,13,21,20,19,404,65,397,382,354,87,87,69,70,39,42,36,49,49,49,49,49,49,56,49,49,34,34,34,34,34,34,34,34,34,34,34,34,34,34,34,34]} 1. d4 d5 2. c4 dxc4 3. Nf3 Nf6 4. e3 e6 5. Bxc4 c5 6. O-O a6 7. Qe2 b5 8. Bb3 Bb7 9. a4 Nbd7 10. Rd1 Qb8 {D29: Queen's Gambit Accepted: Classical main line: 7 Qe2 with early ...Nbd7} (10... b4 11. Nbd2 Be7 12. Nc4 O-O 13. Bd2 Bd5 14. Rac1 Qc7 15. Be1 Rac8 16. Ncd2 Qb7 17. Bc4 Bxc4 18. Nxc4 Rfd8 19. Na5 Qb6 20. Nc4 Qb7 21. Na5 Qb6 22. Nc4 Qb7 {½-½ (22) Li,C (2732)-Ponomariov,R (2694) Riadh 2017}) 11. axb5 axb5 12. Rxa8 Bxa8 13. Nc3 b4 14. Na4 {LiveBook: 6 Games} Bd6 15. dxc5 Bxc5 16. Nxc5 Nxc5 17. Bc4 O-O {Threatens to win with ...Ng4.} 18. Nd4 {[#]} Rd8 $146 (18... Rc8 $11) ({Predecessor:} 18... Rc8) 19. Nb3 (19. f3 $14) 19... Nxb3 $11 20. Bxb3 h5 (20... Rc8 {is interesting.} 21. Bd2 Bd5 22. Bxd5 Nxd5 23. e4 Ne7) 21. f3 (21. Rxd8+ {seems wilder.} Qxd8 22. Bd2 Ng4 23. h3 Ne5 24. Bxb4 Qb8 25. Bc3) 21... Rxd1+ 22. Qxd1 (22. Bxd1 {feels hotter.} Nd5 23. Qc4 Bb7 24. Be2 Qd6 25. Bf1) 22... Qb6 23. Bd2 Bd5 24. Bc2 b3 25. Bb1 Bc4 26. Qc1 Ba6 27. Bc3 Nd5 28. Bd4 $36 {[%mdl 2048] White is more active.} Qb5 29. h3 Qe2 30. Kh2 {Hoping for Qc6.} Bd3 $2 {[%mdl 8192]} (30... Qf1 $11 31. Qxf1 Bxf1) 31. Qc8+ $18 Kh7 {[#]} 32. Qc4 $1 {[%mdl 64] Double Attack} Nb4 {[#]} 33. Qxb4 $2 ({Less strong is} 33. Qxb3 Bxb1 34. Qxb4 e5 $16) (33. Qc7 $1 $18 {[%cal Rc7f7] is the precise move to win.} e5 34. Qxe5 {[%mdl 64] Double Attack}) 33... Bxb1 $16 34. Qxb3 (34. Qa5 {looks sharper.} Bf5 35. Qc7 Bg6 36. Qe5 f6 37. Qxe6 Qc2 38. Qe7) 34... Qd3 {White is slightly better.} 35. Qxd3+ (35. Qb6 {is more complex.} Qg6 36. e4 Bd3 37. Qb3 Bf1 38. Qc2) 35... Bxd3 $14 {[%mdl 4096] Endgame KB-KB} 36. Kg3 g5 37. h4 Kg6 38. hxg5 Kxg5 39. e4 f5 40. exf5 Kxf5 41. f4 Ke4 42. Be5 Bf1 43. b4 Ke3 44. Bd6 Ke4 45. Kf2 Bb5 46. g3 Bc4 47. Kg2 Be2 48. Kh3 Kd5 {Accuracy: White = 53%, Black = 47%.} 1/2-1/2

[Event "II Duchamp Open 2018"]
[Site "Rio de Janeiro"]
[Date "2018.11.16"]
[Round "3"]
[White "Rocha, Vitor Firmo De Souz"]
[Black "Rodi, Luis Ernesto"]
[Result "0-1"]
[WhiteElo "2174"]
[BlackElo "2327"]
[Annotator "TA"]
[PlyCount "54"]
[EventDate "2018.11.14"]
[EventType "swiss"]
[EventCountry "BRA"]
[SourceTitle "playchess.com"]
[Source "ChessBase"]
[SourceQuality "1"]

{[%evp 11,54,-6,8,-25,-18,-63,-74,-63,-72,-69,-53,-433,-385,-391,-418,-536,-528,-765,-755,-772,-744,-706,-715,-1139,-1131,-1089,-992,-1238,-1211,-1102,-935,-934,-701,-1172,-925,-958,-939,-1241,-909,-902,-900,-858,-545,-530,-512]} 1. e4 c6 2. d4 d5 3. e5 c5 4. dxc5 e6 5. Be3 Nd7 6. Bb5 {B12: Caro-Kann: Advance Variation} Ne7 {[%cal Bg8e7,Be7f5,Bf5e3][%mdl 32] LiveBook: 9 Games} 7. c4 $146 ({Predecessor:} 7. c3 a6 8. Ba4 Nc6 9. b4 Ndxe5 10. Na3 Be7 11. f4 Nd7 12. Nc2 Nf6 13. Nd4 Bd7 {½-½ (24) Giuliani,S (2629)-Brodda,W (2599) ICCF email 2015}) 7... Nf5 8. cxd5 {[#] Hoping for d6.The position is equal.} Nxe3 9. fxe3 {Threatens to win with d6.} Qh4+ $1 10. g3 Qe4 $1 {[%cal Re4h1]} 11. Nd2 $2 {[%mdl 8192]} (11. dxe6 $15 fxe6 12. Qh5+ (12. Qf3 Qxe5 13. Nc3 Bxc5 $17) 12... g6 13. Qf3 Qxe5 14. Nc3) 11... Qxh1 $19 {[%mdl 64] [#] Double Attack} 12. Ndf3 Bxc5 13. Rc1 O-O {Black is clearly winning.} 14. Bxd7 Bxe3 (14... Bb4+ $2 15. Kf2 $19) 15. Rxc8 Raxc8 16. Bxc8 Rxc8 17. dxe6 Bxg1 18. exf7+ Kh8 19. Ke2 Qg2+ 20. Kd3 Bc5 21. Ke4 Bf8 22. e6 Rc4+ 23. Ke3 Qxb2 {( -> ...Bc5+)} 24. e7 Rc3+ 25. Kf4 Qb4+ 26. Qd4 Rxf3+ 27. Kxf3 Qxe7 {Accuracy: White = 13%, Black = 100%.} ({And not} 27... Qxd4 28. exf8=Q#) 0-1

[Event "II Duchamp Open 2018"]
[Site "Rio de Janeiro"]
[Date "2018.11.16"]
[Round "3"]
[White "Lebredo Zaragoitia, Gerardo"]
[Black "Chaves, Jorge Antonio Torre"]
[Result "1-0"]
[WhiteElo "2139"]
[BlackElo "1922"]
[Annotator "TA"]
[PlyCount "63"]
[EventDate "2018.11.14"]
[EventType "swiss"]
[EventCountry "BRA"]
[SourceTitle "playchess.com"]
[Source "ChessBase"]
[SourceQuality "1"]

{[%evp 11,63,-7,0,-8,-2,0,20,0,24,19,110,105,98,108,124,136,147,125,143,131,156,120,187,168,193,97,122,123,385,375,386,375,391,370,377,373,720,513,509,512,612,601,593,584,583,464,435,398,557,544,29976,29974,2364,819]} 1. d4 d5 2. c4 c6 3. Nc3 e6 4. e3 Nf6 5. Bd3 Nbd7 6. Nge2 {D31: Queen's Gambit Declined: Semi-Slav without ...Nf6 (+ Marshall Gambit and Noteboom) and Exchange Variation lines without ...Nf6} (6. b3 Bb4 7. Bd2 O-O 8. f4 dxc4 9. bxc4 Nc5 10. Bc2 Bxc3 11. Bxc3 Nce4 12. Ne2 b5 13. Bb4 Re8 {0-1 (49) Riazantsev,A (2671)-Najer,E (2679) Doha 2016}) 6... Bd6 {LiveBook: 3 Games} 7. O-O dxc4 8. Bxc4 {The position is equal.} b5 $146 ({Predecessor:} 8... e5 9. Ng3 O-O 10. Nce4 Nxe4 11. Nxe4 Bc7 12. b3 exd4 13. Qxd4 {0-1 (41) Suarez,P (1536)-Suarez,M (1875) Santa Cruz 2015}) 9. Bd3 b4 10. Na4 O-O (10... c5 $11) 11. e4 $16 e5 12. f4 exd4 13. e5 ({Worse is} 13. Nxd4 Nc5 $15) 13... Nxe5 14. fxe5 Bxe5 15. Bf4 $36 {[%mdl 2048] White is really pushing.} Re8 16. Ng3 Bg4 (16... Qd6 $16 17. Qf3 Bg4) 17. Qd2 $18 Qa5 18. Bc2 ({White should try} 18. b3 $18) 18... d3 19. Bxe5 ({Weaker is} 19. Qxd3 Rad8 $17) 19... dxc2 $4 {[%mdl 8192]} (19... Qxe5 $16 {was necessary.} 20. Qxd3 Rad8) 20. Bxf6 gxf6 21. Qxc2 Qg5 22. Nc5 {And now Nce4 would win.} f5 23. Qc1 Re3 $2 {[#]} (23... Qe3+ 24. Qxe3 Rxe3) 24. Nxf5 $1 {[%mdl 512]} Bxf5 {[#]} 25. Rxf5 $1 {[%mdl 512]} Qe7 (25... Qxf5 26. Qxe3) 26. Nd7 Rd8 27. Nf6+ Kg7 28. Ng4 Re6 29. h3 h6 30. Qf4 c5 31. Rf1 Rd7 32. Ne5 {Accuracy: White = 76%, Black = 18%.} (32. Nf6 $142 Rxf6 33. Rxf6) 1-0

[Event "II Duchamp Open 2018"]
[Site "Rio de Janeiro"]
[Date "2018.11.16"]
[Round "3"]
[White "Almeida, Gianluca Jorio"]
[Black "Kruger, Israel"]
[Result "1-0"]
[WhiteElo "2109"]
[BlackElo "1877"]
[Annotator "TA"]
[PlyCount "81"]
[EventDate "2018.11.14"]
[EventType "swiss"]
[EventCountry "BRA"]
[SourceTitle "playchess.com"]
[Source "ChessBase"]
[SourceQuality "1"]

{[%evp 17,81,83,68,63,72,62,110,119,112,120,158,156,135,148,139,152,157,165,174,129,130,124,153,129,146,113,204,50,70,65,50,38,78,57,467,154,520,94,114,116,122,131,247,240,346,336,342,331,348,343,345,368,445,427,568,541,528,508,661,575,541,526,575,527,635,633]} 1. c4 e5 2. Nc3 Nc6 3. g3 f5 4. Bg2 Nf6 5. e3 Bb4 6. Nge2 {[%cal Bg1e2,Be2c3,Bc3d5][%mdl 32]} Bxc3 7. Nxc3 O-O 8. O-O d6 {A25: English Opening vs King's Indian with ...Nc6 but without early d3} 9. d4 Qe8 {LiveBook: 6 Games} (9... e4 10. f3 exf3 11. Qxf3 Bd7 12. b3 Rb8 13. Bb2 Qe8 14. Rae1 Qg6 15. Qd1 Ne7 16. e4 fxe4 17. Nxe4 Nxe4 18. Rxe4 Rxf1+ 19. Qxf1 {½-½ (67) Granda Zuniga,J (2663)-Caruana,F (2801) Tromsoe 2014}) 10. Nd5 Qf7 {White is slightly better.} 11. b3 Kh8 12. Bb2 e4 13. f3 $146 ({Predecessor:} 13. Nxf6 Qxf6 14. f3 exf3 15. Bxf3 {½-½ (22) Dumont,S (2305)-Chaves,J (2040) Sao Paulo 1996}) 13... Nxd5 14. cxd5 exf3 15. Qxf3 Ne7 16. Rac1 c6 17. dxc6 bxc6 18. Ba3 Ba6 19. Rf2 ({Much worse is} 19. Bxd6 $6 Bxf1 20. Qxf1 (20. Rxf1 Qe6 $11) (20. Kxf1 Rad8 $11) (20. Bxf1 Qe6 $11) 20... Rad8 $11) 19... Rad8 20. e4 Qe6 21. d5 Qd7 (21... cxd5 $16 22. exd5 Qd7) 22. Qh5 $2 {[#]} (22. Bb2 $18) 22... cxd5 $14 23. exd5 Bb7 24. Rd2 Qb5 25. Bb2 Nxd5 $2 {[%mdl 8192]} (25... Ng6 $14) 26. Qf3 $2 (26. Bxd5 $18 {is the precise move to win.} Bxd5 {[#]} 27. Rxd5 $1 {[%mdl 512]} (27. Bxg7+ Kxg7 28. Rxd5 Qb6+ 29. Kg2 Qb7 $16)) 26... Rc8 $2 (26... Rde8 $16 27. Rxd5 Bxd5 28. Qxd5 Qxd5 29. Bxd5 Re2) 27. Rxd5 $2 (27. Rxc8 $18 {and the rest is easy.} Rxc8 28. Qxf5 (28. Rxd5 Bxd5 29. Qxd5 Qxd5 $11)) 27... Rxc1+ 28. Bxc1 Bxd5 29. Qxd5 Qxd5 (29... Qb6+ $16 30. Kh1 Qf2) 30. Bxd5 $18 Rc8 (30... Re8 {was called for.}) 31. Be3 a5 32. a4 h6 33. h4 Rc3 34. Kf2 Kh7 35. Ke2 {White is clearly winning.} g5 36. hxg5 hxg5 37. Kd2 Rc7 38. Bxg5 Rc5 39. Bc4 d5 40. Be3 Rc8 41. Bd3 {Precision: White = 46%, Black = 21%.} 1-0

[Event "II Duchamp Open 2018"]
[Site "Rio de Janeiro"]
[Date "2018.11.16"]
[Round "3"]
[White "Maia, Jose Eduardo Bastos"]
[Black "Nascimento, Pedro Henrique Alve"]
[Result "1-0"]
[WhiteElo "2093"]
[BlackElo "2007"]
[Annotator "NA RC"]
[PlyCount "67"]
[EventDate "2018.11.14"]
[EventType "swiss"]
[EventCountry "BRA"]
[SourceTitle "playchess.com"]
[Source "ChessBase"]
[SourceQuality "1"]
[TimeControl "5400+30"]

{[%evp 8,67,2,32767,32767,32767,32767,32767,0,5,14,-11,26,27,62,57,65,38,79,52,58,69,68,53,84,71,85,80,91,101,79,120,136,133,139,119,137,156,127,106,119,146,291,289,302,272,289,354,321,353,364,372,324,354,378,400,480,500,525,648,612,715]} 1. e4 {[%emt 0:00:00]} e6 {[%emt 0:01:53]} 2. d3 {[%emt 0:00:36]} c5 {[%emt 0:00:17]} 3. Nf3 {[%emt 0:00:04]} Nc6 {[%emt 0:00:27]} 4. g3 {[%emt 0:00:02]} g6 {[%emt 0:00:15]} 5. Bg2 {[%emt 0:00:20]} Bg7 {[%emt 0:00:09]} 6. O-O {[%emt 0:00:13]} Nge7 {[%emt 0:00:09]} 7. c3 {[%emt 0:00:10]} e5 {[%emt 0:02:56] LiveBook: 240 Games A04: Unusual lines after 1 Nf3 and King's Indian Attack} (7... d5 8. Qe2 O-O 9. h4 e5 10. h5 Bg4 11. h6 Bh8 12. Na3 d4 13. Bd2 a6 14. c4 Qd7 15. Qe1 Rae8 16. Nh2 Bh3 {0-1 (44) Jones,G (2677)-Lenderman,A (2630) chess.com INT 2018}) 8. a4 {[%emt 0:01:07]} d6 {[%emt 0:00:18]} 9. Na3 {[%emt 0:00:18]} Bg4 $146 {[%emt 0:00:29]} ({Predecessor:} 9... O-O 10. Bg5 h6 11. Bxe7 Nxe7 12. Nc4 Be6 13. a5 Qc7 14. Qa4 f5 15. a6 {1-0 (41) Mortensen,E (2424)-El Kher,H (2338) Aarhus 1999}) 10. h3 {[%emt 0:03:20]} Bxf3 {[%emt 0:00:13]} 11. Bxf3 {[%emt 0:00:41]} O-O {[%emt 0:00:24]} 12. Nc2 {[%emt 0:01:24]} Qb6 {[%emt 0:04:14]} 13. b4 {[%emt 0:04:20]} cxb4 {[%emt 0:11:30]} 14. Be3 {[%emt 0:01:39]} Qd8 {[%emt 0:05:32]} 15. cxb4 {[%emt 0:06:58]} f5 {[%emt 0:01:34]} 16. b5 {[%emt 0:15:42]} Na5 {[%emt 0:00:47]} 17. Rb1 {[%emt 0:17:26]} d5 {[%emt 0:05:01]} 18. exd5 {[%emt 0:06:45]} Nxd5 {[%emt 0:00:36]} 19. Bd2 {[%emt 0:00:17]} Nf6 {[%emt 0:05:00] Decoy} 20. Bb4 {[%emt 0:10:26]} Rf7 {[%emt 0:02:31]} 21. Ne3 {[%emt 0:02:29]} Rb8 {[%emt 0:02:15]} 22. Qe1 {[%emt 0:05:16]} b6 {[%emt 0:01:58] [#]} 23. Bxa5 $1 {[%emt 0:00:55]} bxa5 {[%emt 0:00:06]} 24. Nc4 {[%emt 0:00:15]} Re7 $2 {[%emt 0:00:56]} (24... Rc8 $16) 25. Nxa5 {[%emt 0:03:59]} ({Wrong is} 25. Nxe5 $2 Ne8 $19) 25... Qxd3 {[%emt 0:04:09]} 26. Be2 {[%emt 0:02:11]} Qc2 {[%emt 0:01:03]} 27. Nc6 {[%emt 0:00:35]} Reb7 {[%emt 0:00:32]} 28. Nxb8 {[%emt 0:00:27]} Rxb8 {[%emt 0:00:05]} 29. Qd1 {[%emt 0:00:40]} Qc5 {[%emt 0:00:35]} 30. Rc1 {[%emt 0:00:36]} Qe7 {[%emt 0:00:47]} 31. Rc6 {[%emt 0:01:17]} Rd8 {[%emt 0:01:20]} 32. Qc1 {[%emt 0:00:42]} h6 {[%emt 0:01:01]} 33. Rc7 {[%emt 0:01:03]} Qb4 $18 {[%emt 0:00:20]} 34. Qc4+ {[%emt 0:00:26]} 1-0

[Event "II Duchamp Open 2018"]
[Site "Rio de Janeiro"]
[Date "2018.11.16"]
[Round "3"]
[White "Santos Filho, Tadeu Sousa"]
[Black "Moyses Sobrinho, Elias"]
[Result "1-0"]
[WhiteElo "2078"]
[BlackElo "1931"]
[Annotator "NA RC"]
[PlyCount "89"]
[EventDate "2018.11.14"]
[EventType "swiss"]
[EventCountry "BRA"]
[SourceTitle "playchess.com"]
[Source "ChessBase"]
[SourceQuality "1"]
[TimeControl "5400+30"]

{[%evp 8,89,42,51,48,53,69,43,50,40,56,49,70,36,110,0,177,-28,171,12,37,14,169,52,122,181,150,161,218,270,270,279,299,231,216,224,310,239,303,294,306,298,294,313,304,320,298,275,294,260,272,300,302,259,298,325,321,312,449,442,493,343,668,744,684,789,710,814,899,981,900,781,858,1333,5289,1615,1194,1882,6111,29957,29980,32767,6227,29981]} 1. d4 {[%emt 0:00:00]} Nf6 {[%emt 0:00:00]} 2. Bg5 {[%emt 0:00:00]} Ne4 {[%emt 0:00:16]} 3. Bf4 {[%emt 0:00:00]} c5 {[%emt 0:00:25]} 4. d5 {[%emt 0:00:13]} d6 {[%emt 0:00:07]} 5. f3 {[%emt 0:00:44]} Nf6 {[%emt 0:00:06]} 6. e4 {[%emt 0:00:31] LiveBook: 63 Games} Nbd7 {[%emt 0:00:28] A45: Trompowsky Attack} (6... g6 7. Nc3 Bg7 8. Qd2 a6 9. a4 Nbd7 10. Bh6 Bxh6 11. Qxh6 Qa5 12. Ra3 Nb6 13. Be2 Bd7 14. Qd2 g5 15. h4 {0-1 (63) Moiseenko,A (2667)-Melkumyan,H (2633) Riadh 2017}) 7. Qd2 {[%emt 0:02:45]} g6 {[%emt 0:00:32]} 8. c4 {[%emt 0:04:07]} Bg7 {[%emt 0:00:11]} 9. Nc3 {[%emt 0:02:40]} O-O {[%emt 0:00:08]} 10. Bh6 {[%emt 0:01:01]} Qb6 $146 {[%emt 0:00:53]} ({Black should play} 10... Bxh6 $14 11. Qxh6 Rb8) ({Predecessor:} 10... a6 11. h4 Re8 12. Bxg7 Kxg7 13. h5 Ng8 14. g4 {1-0 (26) Gohil,H (2298)-Nagel,N (1779) Frankfurt 2012}) 11. O-O-O {[%emt 0:02:47]} ({Better is} 11. Bxg7 $16 Kxg7 12. f4) 11... Ne5 $2 {[%emt 0:01:05]} (11... Bxh6 $11 12. Qxh6 Qb4) 12. Kc2 $2 {[%emt 0:06:06]} ({White has to play} 12. Bxg7 $18 Kxg7 13. f4) 12... a5 $2 {[%emt 0:00:42] [#]} (12... Bxh6 $15 {keeps the upper hand.} 13. Qxh6 Qb4) 13. a4 $2 {[%emt 0:00:39]} ({White must play} 13. Bxg7 $1 $18 Kxg7 14. f4) 13... Qb4 {[%emt 0:00:16] [#]} 14. b3 {[%emt 0:00:18]} (14. Bxg7 $1 $16 Kxg7 15. b3) 14... Nfd7 {[%emt 0:02:24]} (14... Bxh6 $14 15. Qxh6 Rd8) 15. h3 {[%emt 0:04:43]} (15. Bxg7 $18 Kxg7 16. f4) 15... f5 {[%emt 0:03:02]} ({Better is} 15... b5 $14) 16. Bxg7 {[%emt 0:02:34]} Kxg7 {[%emt 0:00:08]} 17. f4 {[%emt 0:00:17]} Nf7 {[%emt 0:00:38] [#]} 18. exf5 $1 {[%emt 0:01:23]} gxf5 {[%emt 0:00:23]} 19. Re1 {[%emt 0:01:32]} Re8 {[%emt 0:01:47]} 20. Nb5 {[%emt 0:03:36]} Qxd2+ {[%emt 0:02:16]} 21. Kxd2 {[%emt 0:00:40]} Nf6 {[%emt 0:00:19]} 22. Bd3 {[%emt 0:00:56]} e5 {[%emt 0:09:00]} 23. dxe6 {[%emt 0:11:50]} Rxe6 {[%emt 0:04:48]} 24. Rxe6 {[%emt 0:00:40]} Bxe6 {[%emt 0:00:05]} 25. Nc7 {[%emt 0:00:13]} Re8 {[%emt 0:00:42]} 26. Nxe8+ {[%emt 0:00:26]} Nxe8 {[%emt 0:00:12]} 27. Nf3 {[%emt 0:02:18]} Kf6 {[%emt 0:00:46]} 28. Re1 {[%emt 0:01:50]} Ng7 {[%emt 0:01:18]} 29. Ke3 {[%emt 0:07:40]} h6 {[%emt 0:03:34]} 30. g3 {[%emt 0:01:12]} Ne8 {[%emt 0:05:42]} 31. Rg1 {[%emt 0:01:42]} h5 {[%emt 0:00:41]} 32. Be2 {[%emt 0:00:31]} d5 {[%emt 0:03:46]} (32... Nd8 $142 33. Ng5 Ng7) 33. cxd5 {[%emt 0:00:53]} Bxd5 {[%emt 0:00:06]} 34. Bc4 {[%emt 0:00:31]} Be4 $2 {[%emt 0:02:41]} (34... Bxc4 35. bxc4 Ned6) 35. Bxf7 {[%emt 0:00:45]} Kxf7 {[%emt 0:00:14]} 36. Ng5+ {[%emt 0:00:14] Double Attack} Kf6 {[%emt 0:00:14]} 37. Nxe4+ {[%emt 0:00:21]} fxe4 {[%emt 0:00:09]} 38. Rd1 {[%emt 0:01:41]} Ke6 {[%emt 0:00:20]} 39. Kxe4 {[%emt 0:02:06]} Nf6+ {[%emt 0:00:07]} 40. Kf3 {[%emt 0:00:19]} Nd5 {[%emt 0:00:09]} 41. g4 {[%emt 0:07:02]} hxg4+ {[%emt 0:00:16]} 42. hxg4 {[%emt 0:00:10]} Ne7 {[%emt 0:00:52]} 43. Re1+ {[%emt 0:00:53]} Kf6 {[%emt 0:00:28] [#]} 44. Rxe7 $1 {[%emt 0:00:36]} Kxe7 {[%emt 0:00:06]} 45. Ke4 {[%emt 0:00:16]} 1-0